La reforma y el ethos cultural
Salvato in:
| Autore principale: | |
|---|---|
| Natura: | Libro |
| Lingua: | spagnolo |
| Pubblicazione: |
Santiago
Desal
1963
|
| Soggetti: | |
| Tags: |
Aggiungi Tag
Nessun Tag, puoi essere il primo ad aggiungerne!!
|
MARC
| LEADER | 00000nam a2200000 a 4500 | ||
|---|---|---|---|
| 001 | UCX8349 | ||
| 003 | CL-VaPUC | ||
| 008 | 940324e19630000CL |||||||||||||||||spa|d | ||
| 082 | 0 | 4 | |a 303.483 |b VEK |2 21 |
| 100 | 0 | |a Vekemans, Roger |e author |9 325448 | |
| 245 | 1 | 3 | |a La reforma y el ethos cultural |
| 300 | |a 26 h | ||
| 942 | |c BK | ||
| 945 | |d 19940324 00:00:00 |a rbrito | ||
| 260 | |a Santiago |b Desal |c 1963 | ||
| 650 | 0 | |a Cultura |9 269059 | |
| 650 | 7 | |a DESARROLLO CIENTIFICO Y TECNOLOGICO |2 CL-VaPUC |9 259101 | |
| 651 | 0 | |a América Latina |9 255027 | |
| 583 | |a last modification |c 20181001 01:52:40 |k Rodrigo Vera | ||
| 999 | |c 227878 |d 227876 | ||
| 952 | |0 0 |1 0 |4 0 |6 303_483000000000000_VEK_1963 |7 0 |8 P |9 227161 |a BIBEDU |b BIBEDU |c BIBEDU_PB |d 2019-11-15 |i 2964341 |o 303.483 VEK 1963 |p 2964341 |r 2024-01-25 |w 2019-11-15 |y BK |k EDU | ||